| Tag |
First Indicator |
Second Indicator |
Subfields |
| LEADER |
00000cam a2200000 4500 |
| 001 |
in00000717153 |
| 005 |
20151016055339.0 |
| 008 |
741114s1952 ilub b 00000 eng u |
| 010 |
|
|
|a 52012226
|
| 035 |
|
|
|a (OCoLC)01076013
|
| 035 |
|
|
|9 ADC6994AM
|
| 040 |
|
|
|c CIN
|d TXA
|d UtOrBLW
|
| 049 |
|
|
|a TXAM
|c [217316]
|
| 050 |
0 |
0 |
|a D228
|b .C48
|
| 082 |
0 |
|
|a 946/.04
|
| 092 |
|
|
|a 946.04
|b C559s
|
| 100 |
1 |
|
|a Chudoba, Bohdan.
|
| 245 |
1 |
0 |
|a Spain and the Empire, 1519-1643.
|
| 264 |
|
1 |
|a [Chicago] :
|b University of Chicago Press,
|c [1952]
|
| 300 |
|
|
|a ix, 299 pages :
|b maps (on lining papers) ;
|c 23 cm.
|
| 336 |
|
|
|a text
|b txt
|2 rdacontent
|
| 337 |
|
|
|a unmediated
|b n
|2 rdamedia
|
| 338 |
|
|
|a volume
|b nc
|2 rdacarrier
|
| 504 |
|
|
|a Bibliographical references included in "Notes" (pages 263-280).
|
| 651 |
|
0 |
|a Europe
|x History
|y 1517-1648.
|
| 651 |
|
0 |
|a Spain
|x History
|y House of Austria, 1516-1700.
|
| 651 |
|
0 |
|a Holy Roman Empire
|x History
|y 1517-1648.
|
| 999 |
|
|
|a MARS
|
| 999 |
f |
f |
|s fc129eee-3716-3bf4-bed3-8b68f60f0856
|i c13b7f19-17ff-311b-a7fd-3e0e7d445607
|t 0
|
| 952 |
f |
f |
|p normal
|a Texas A&M University
|b College Station
|c Sterling C. Evans Library
|d Evans: Library Stacks
|t 0
|e D228 C48
|h Library of Congress classification
|i unmediated -- volume
|m A14801492760
|
| 998 |
f |
f |
|a D228 C48
|t 0
|l Evans: Library Stacks
|